000
00478nam a2200133Ia 4500
008
100328s9999 xx 000 0 und d
082
_b
46188
100
_a
वाळिंबे शर्मिला
245
_a
कमांडर : गरुड भरारी-भाग 2
260
_b
एस.के.
630
_a
कमांडर : गरुड भरारी-भाग 2
730
_a
कमांडर : गरुड भरारी-भाग 2
942
_c
BOOK
999
_c
534202
_d
534199